India social: (Record no. 193673)
[ view plain ]
| 000 -LEADER | |
|---|---|
| fixed length control field | 00640nam a22001817a 4500 |
| 005 - DATE AND TIME OF LATEST TRANSACTION | |
| control field | 20221109120347.0 |
| 010 ## - LCCN (DPL NO) | |
| LC control number | ENG-135626 |
| 020 ## - INTERNATIONAL STANDARD BOOK NUMBER | |
| International Standard Book Number | 9789351952121 |
| Terms of availability | 299.00 |
| 035 ## - SYSTEM CONTROL NUMBER | |
| System control number | EN-119158 |
| 037 ## - SOURCE OF ACQUISITION | |
| Source of stock number/acquisition | DBAD/PUB |
| 082 ## - DEWEY DECIMAL CLASSIFICATION NUMBER | |
| Classification number | 302.2310954 |
| 100 ## - MAIN ENTRY--PERSONAL NAME | |
| Personal name | Lal, Ankit |
| 245 ## - TITLE STATEMENT | |
| Title | India social: |
| Remainder of title | how social media is leading the charge and changing the country/ |
| Statement of responsibility, etc | by Ankit Lal |
| 260 ## - PUBLICATION, DISTRIBUTION, ETC. (IMPRINT) | |
| Place of publication, distribution, etc | Gurugram |
| Name of publisher, distributor, etc | Hachette Book Publishing Pvt. Ltd |
| Date of publication, distribution, etc | 2017 |
| 270 ## - ADDRESS | |
| Address | 4th & 5th Floors, Corporate Centre, Plot No. 94, Sector 44 |
| City | Gurugram |
| Postal code | 122003 |
| 300 ## - PHYSICAL DESCRIPTION | |
| Extent | 258p. |
| Dimensions | 20cm(pbk) |
| Other physical details | Acknowledgements |
| 942 ## - ADDED ENTRY ELEMENTS (KOHA) | |
| Source of classification or shelving scheme | Dewey Decimal Classification |
| Item type | English Books |
| Call number suffix | LAL |
| Classification part | 302.2310954 |
| Withdrawn status | Lost status | Not for loan | Collection code | Home library | Current library | Date acquired | Source of acquisition | Cost, normal purchase price | Full call number | Barcode | Copy number | Cost, replacement price | Koha item type |
|---|---|---|---|---|---|---|---|---|---|---|---|---|---|
| Fiction | R.K.Puram-8 | R.K.Puram-8 | 09/11/2022 | DBAD/PUB | 299.00 | 302.2310954 LAL | EN-119158 | 1 | 299.00 | English Books |
